| 000 | 00621nam a2200229 a 4500 | ||
|---|---|---|---|
| 008 | |||
| 020 | _a0702115738 (pbk.) | ||
| 049 | _aMAIN | ||
| 090 |
_aKTZ85 _bCHR |
||
| 100 | 1 | _aChristie, R.H. | |
| 245 | 1 | 0 |
_aBusiness law in Zimbabwe / _cR.H. Christie. |
| 260 |
_aCape Town : _bJuta, _c1985. |
||
| 300 |
_alvii, 575 p. ; _c25 cm. |
||
| 500 | _aIncludes index. | ||
| 650 | 0 |
_aCommercial law _zZimbabwe. |
|
| 650 | 0 |
_aContracts _zZimbabwe. |
|
| 907 |
_a.b1006106x _b29-09-16 _c17-04-03 |
||
| 003 | |||
| 005 | 20230123125324.0 | ||
| 040 | _cNUST | ||
| 942 |
_cBOOKS _kKTZ85 _mCHR |
||
| 999 |
_c139539 _d139539 |
||